| 000 | 00561nam a2200193Ia 4500 | ||
|---|---|---|---|
| 003 | GCL | ||
| 008 | 140319s9999 xx 000 0 eng d | ||
| 040 |
_aGCL / _cGCL |
||
| 082 | 0 | 4 |
_a621.3916 _bA M |
| 100 | 1 | _aSTIGLIANO, VINCENT | |
| 245 | 1 | 0 |
_aMICROCOMPUTER SERVICING PRACTICAL SYSTEMS AND TROUBLESHOOTING / _cSTIGLIANO, VINCENT |
| 700 | 1 | _aBAHRENBURG, RICHARD | |
| 700 | 1 | _aASSER, STUART | |
| 260 |
_a[S.N] : _bMACMILLAN PUBBISHING CO ، _c1993 |
||
| 300 | _a597 P | ||
| 650 | 0 | 4 | _aMICRO COMPUTERS |
| 650 | 0 | 4 | _aMAINTENANCE AND REPAIR |
| 942 |
_2ddc _cBK |
||
| 999 |
_c25161 _d25161 |
||